000 00993cam a22004452 4500
001 0000025205
003
005 20151217145953.0
008 150306s xx 000 0 eng d
010 _a
020 _a0395282535 :
_c
040 _aKABU
_cKABU
041 1 _a
_b
_h
100 1 _aMcCrimmon, James,
_d
_@0000185676
240 1 _a
245 1 0 _aWriting with a purpose :
_b
_cJames McCrimmon.
246 3 _a
250 _a 7th ed.
260 _aDallas :
_bHoughton Mifflin,
_c1980 2014.
300 _a xiv, 557p. :
_bill. ;
_c
440 0 _a
500 _a
504 _a
505 0 _a
520 _a
521 2 _a
590 _a
591 _a
_b
600 1 0 _a
_d
610 2 0 _a
_b
650 0 _aEnglish language
_xRhetoric.
_@0000152050
650 0 _aEnglish language
_xGrammar.
_@0000151342
651 0 _a
_x
690 _a
700 1 0 _a
_d
710 2 _a
_b
740 0 2 _a
908 _a150306
999 _c4640
_d4640